[Event "IND-ch U15 47th"]
[Site "New Delhi"]
[Date "2022.12.05"]
[Round "10"]
[White "Dev, Raj"]
[Black "Aakash, G2222"]
[Result "0-1"]
[WhiteElo "1577"]
[BlackElo "1830"]
[PlyCount "43"]
[EventDate "2022.11.28"]
[EventType "swiss"]
[EventRounds "11"]
[EventCountry "IND"]
[SourceTitle "CBM 211 Extra"]
[Source "ChessBase"]
[SourceDate "2023.01.31"]
[SourceVersion "1"]
[SourceVersionDate "2023.01.31"]
[SourceQuality "1"]

1. Nf3 d5 2. g3 Bg4 3. Bg2 Nf6 4. b3 Nbd7 5. Bb2 c6 6. 0-0 Qc7 7. d4 e6 8. Nbd2 Rd8 9. Rc1 Be7 10. Re1 0-0 11. c4 Bh5 12. e4 dxe4 13. Nxe4 Nxe4 14. Rxe4 Nf6 15. Rh4 e5 16. d5 Nxd5 17. Bxe5 Qxe5 18. Nxe5 Bxd1 19. Rd4 Nc3 20. Rxd8 Ne2+ 21. Kf1 Rxd8 22. Bf3 0-1

[Event "IND-ch U15 47th"]
[Site "New Delhi"]
[Date "2022.12.01"]
[Round "5"]
[White "Daaevik, Wadhawan"]
[Black "Dev, Raj"]
[Result "1-0"]
[WhiteElo "1780"]
[BlackElo "1577"]
[PlyCount "67"]
[EventDate "2022.11.28"]
[EventType "swiss"]
[EventRounds "11"]
[EventCountry "IND"]
[SourceTitle "CBM 211 Extra"]
[Source "ChessBase"]
[SourceDate "2023.01.31"]
[SourceVersion "1"]
[SourceVersionDate "2023.01.31"]
[SourceQuality "1"]

1. d4 Nf6 2. c4 e6 3. g3 d5 4. Bg2 Be7 5. Nf3 0-0 6. 0-0 Ne4 7. Nc3 c6 8. Nxe4 dxe4 9. Ne1 e5 10. Be3 exd4 11. Bxd4 f5 12. f3 Qc7 13. Qc2 exf3 14. Nxf3 Nd7 15. e4 fxe4 16. Qxe4 Nc5 17. Qe3 Ne6 18. Be5 Qa5 19. Kh1 Qc5 20. Qe2 Bf6 21. Rad1 Bxe5 22. Nxe5 Re8 23. b4 Qxb4 24. Qh5 g6 25. Qh6 Rf8 26. Be4 Qe7 27. Nxg6 hxg6 28. Qxg6+ Qg7 29. Qh5 Bd7 30. Bf5 Rae8 31. Rxd7 Qxd7 32. Qg6+ Kh8 33. Qh6+ Kg8 34. Bxe6+ 1-0